Grootste Landlocked Landen - Statistieken

Algemene statistieken
  • Deze quiz is 190 keer genomen
  • De gemiddelde score is 12 van 15
Antwoordstatistieken
Oppervlakte Land % Correct
2,724,900 Kazachstan
93%
1,564,110 Mongolië
91%
1,098,581 Bolivia
88%
1,284,000 Tsjaad
85%
406,752 Paraguay
83%
1,267,000 Niger
82%
1,240,192 Mali
78%
447,400 Oezbekistan
78%
581,730 Botswana
75%
622,984 Centraal Afrikaanse Republiek
73%
644,329 Zuid-Soedan
72%
488,100 Turkmenistan
71%
652,867 Afghanistan
70%
752,612 Zambia
68%
1,104,300 Ethiopië
57%
Geen overeenkomende quizzen gevonden
Scoreverdeling
Procent van Mensen met Elke Score
Percentiel versus Aantal Correcte Antwoorden
Uw Scoregeschiedenis
U heeft deze quiz nog niet genomen